00929nam a2200241 i 4500001000300000100002000003245010600023246007700129260004100206300003300247490003200280500007800312650003500390655001800425700001900443830002900462020001500491040000800506041001100514080002300525008004100548856009800589bg1 aEDMEAD, Mark T.10aWindows NT :bmonitoring, tuning /cMark T. Edmaed, Pal Hinsberg ; [przekł. z ang. Marek Dudkowski]. iTyt. oryg.:aWindows NT performance: monitoring, benchmarking and tuning aWrocław :b"Robomatic",ccop. 1999. aVI, 291 s. :brys. ;c24 cm.1 aBiblioteka Problemów ;v6 aTyt. oryg. "Windows NT performance: monitoring, benchmarking and tuning". 9aWindows NT (system operacyjny) aPodręczniki1 aHINSBERG, Paul aBiblioteka Problemów ; a8387150010 cBPK1 aplben a004.451(07)Windows s pl f |000 0 pol  uhttp://koha.tu.koszalin.pl/cgi-bin/koha/opac-detail.pl?biblionumber=36757yKatalog online BPK